00932nam a2200241 a 450000100060000000300080000600500170001400800410003103500190007204000410009104100080013208200250014024501490016526000450031430000250035949000650038450400200044965000210046965100370049065100540052770000430058183000660062441917BD-RjUL20211209053453.0190220s1949 enk 001 0 eng  a(BD-RjUL)42035 aDLCcODaWUdOCoLCdDLCdBD-RjULbeng aeng a306.850947bCHA 194910aChanging attitudes in Soviet Russia : bthe family in the U.S.S.R. : documents and readings /cEdited with an Introduction by Rudolf Schlesinger aLondon :bRoutledge & Kegan Paul, c1949 aix, 408p. ; c23 cm.1 aInternational library of sociology and social reconstruction aIncludes index. aFamilyzU.S.S.R. 0aSoviet UnionxSocial conditions. 0aSoviet UnionxPolitics and governmenty1917-1936. a Schlesinger, Rudolf, ed. & Introducer 0aInternational library of sociology and social reconstruction